<?xml version="1.0" encoding="UTF-8"?>
<marc:record xmlns:marc="http://www.loc.gov/MARC21/slim">
   <marc:leader>00000nam a2200000 a 4500</marc:leader>
   <marc:datafield ind1=" " ind2=" " tag="653">
      <marc:subfield code="a">Zeichentrickfilm</marc:subfield>
   </marc:datafield>
   <marc:datafield ind1=" " ind2=" " tag="653">
      <marc:subfield code="a">Haustiere</marc:subfield>
   </marc:datafield>
   <marc:datafield ind1="0" ind2="0" tag="245">
      <marc:subfield code="a">Pets</marc:subfield>
   </marc:datafield>
   <marc:datafield ind1="0" ind2="0" tag="245">
      <marc:subfield code="b">weißt du eigentlich, was deine Haustiere machen, wenn du nicht zu Hause bist?</marc:subfield>
   </marc:datafield>
   <marc:datafield ind1=" " ind2="1" tag="264">
      <marc:subfield code="a">München</marc:subfield>
      <marc:subfield code="b">Universal Film GmbH</marc:subfield>
      <marc:subfield code="c">2016</marc:subfield>
   </marc:datafield>
   <marc:datafield ind1="1" ind2=" " tag="520">
      <marc:subfield code="a">Terrier Max ist extrem auf sein Frauchen fixiert und stirbt stets tausend Tode, wenn sie in die Arbeit muss. Um ihm den Trennungsschmerz zu erleichtern, setzt sie ihm den zotteligen Riesenhund Duke zur Seite. Doch damit fangen die Probleme erst richtig an: Nicht nur, dass die Eifersucht die beiden Hunde einen Konkurrenzkampf ausfechten lässt. Später bekommen es die beiden auch noch mit einer radikalisierten Gang ausgesetzter Haustiere zu tun, die ihnen ihre Menschenliebe ziemlich übel nimmt.</marc:subfield>
   </marc:datafield>
   <marc:datafield ind1=" " ind2=" " tag="020">
      <marc:subfield code="a">5053083098261</marc:subfield>
      <marc:subfield code="9">5053083098261</marc:subfield>
   </marc:datafield>
   <marc:datafield ind1="3" ind2=" " tag="024">
      <marc:subfield code="a">5053083098261</marc:subfield>
   </marc:datafield>
   <marc:datafield ind1="0" ind2=" " tag="490">
      <marc:subfield code="v">0</marc:subfield>
   </marc:datafield>
   <marc:datafield ind1=" " ind2=" " tag="300">
      <marc:subfield code="a">1 DVD (PAL, Ländercode 2, ca. 83 Min.) : farbig, mit Ton</marc:subfield>
   </marc:datafield>
</marc:record>
